| 000 | 01184cam a2200337 a 4500 | ||
|---|---|---|---|
| 001 | 3867 | ||
| 005 | 20250703103021.0 | ||
| 020 | _a9780689834509 | ||
| 040 |
_aDLC _cDLC _dDLC _beng |
||
| 050 | 0 | 0 |
_aPZ7.R982 _b2003 |
| 082 | 0 | 0 | _a823.92 |
| 100 | 1 | _aRylant, Cynthia | |
| 245 | 1 | 0 |
_aHenry and Mudge and the wild goose chase : _bthe twenty-third book of their adventures / _cstory by Cynthia Rylant ; pictures by Carolyn Bracken, in the style of Suçie Stevenson. |
| 246 | 3 | 0 | _aWild goose chase |
| 250 | _aFirst Aladdin Paperbacks edition September 2004 | ||
| 260 |
_aNew York : _bSimon & Schuster Books for Young Readers ; _c2003 |
||
| 300 |
_a40 pages : _bcolor illustrations ; _c24 cm. |
||
| 490 | _aHenry and Mudge | ||
| 505 | _aG | ||
| 520 | _aHenry and his dog Mudge tangle with a grumpy goose when they visit a farm. | ||
| 521 |
_a371
_bLexile |
||
| 521 |
_aG
_bRaz-Plus |
||
| 650 | 1 |
_aDomestic animals _vFiction. |
|
| 650 | 1 |
_aGeese _vFiction. |
|
| 650 | 1 |
_aFarm life _vFiction. |
|
| 650 | 1 |
_aDogs _vFiction. |
|
| 700 | 1 | _aBracken, Carolyn | |
| 700 | 1 | _aStevenson, Suçie | |
| 906 |
_a7 _bcbc _corignew _d1 _eocip _f19 _gy-gencatlg |
||
| 942 |
_2ddc _cBK _n0 |
||
| 999 |
_c3867 _d3867 |
||